Outreach/ (Record no. 202830)

MARC details
000 -LEADER
fixed length control field 00572 a2200181 4500
005 - DATE AND TIME OF LATEST TRANSACTION
control field 20240513125308.0
010 ## - LCCN (DPL NO)
LC control number B-759010
020 ## - INTERNATIONAL STANDARD BOOK NUMBER
International Standard Book Number
Terms of availability 0.00
035 ## - SYSTEM CONTROL NUMBER
System control number B-759010
037 ## - SOURCE OF ACQUISITION
Source of stock number/acquisition Gift/Unesco
082 ## - DEWEY DECIMAL CLASSIFICATION NUMBER
Classification number 954
245 ## - TITLE STATEMENT
Title Outreach/
260 ## - PUBLICATION, DISTRIBUTION, ETC. (IMPRINT)
Place of publication, distribution, etc New Delhi
Name of publisher, distributor, etc Unicef
Date of publication, distribution, etc 1998
270 ## - ADDRESS
City New Delhi
300 ## - PHYSICAL DESCRIPTION
Extent 199 p.
Dimensions 28cm (Hb)
942 ## - ADDED ENTRY ELEMENTS (KOHA)
Institution code [OBSOLETE] dpl
Item type English Books
Source of classification or shelving scheme Dewey Decimal Classification
Classification part 957
Call number suffix OUT
Holdings
Withdrawn status Lost status Not for loan Collection code Home library Current library Date acquired Source of acquisition Cost, normal purchase price Full call number Barcode Copy number Cost, replacement price Koha item type Public note
      Non-fiction Peshwa Road Peshwa Road 13/05/2024 Gift/10.5.24 0.00 957 OUT B-759010 1 0.00 English Books Gift

© Delhi Public Library
Hit Counter
free hit counter